<?xml version="1.0" encoding="UTF-8"?>
<record
    xmlns:xsi="http://www.w3.org/2001/XMLSchema-instance"
    xsi:schemaLocation="http://www.loc.gov/MARC21/slim http://www.loc.gov/standards/marcxml/schema/MARC21slim.xsd"
    xmlns="http://www.loc.gov/MARC21/slim">

  <leader>01012nam a2200229Ia 4500</leader>
  <datafield tag="999" ind1=" " ind2=" ">
    <subfield code="c">37429</subfield>
    <subfield code="d">37429</subfield>
  </datafield>
  <controlfield tag="001">3388</controlfield>
  <controlfield tag="003">GE_BSU</controlfield>
  <controlfield tag="005">20190607211522.0</controlfield>
  <controlfield tag="008">181216s1955||||   |||||||||||||| ||geo||</controlfield>
  <datafield tag="040" ind1=" " ind2=" ">
    <subfield code="c">GE_BSU</subfield>
  </datafield>
  <datafield tag="041" ind1=" " ind2=" ">
    <subfield code="a">geo</subfield>
  </datafield>
  <datafield tag="080" ind1=" " ind2=" ">
    <subfield code="a">621.1(075.8)  &#x10E2;&#x2013;29</subfield>
  </datafield>
  <datafield tag="100" ind1=" " ind2=" ">
    <subfield code="a">&#x10E2;&#x10D0;&#x10E0;&#x10D4;&#x10D4;&#x10D5;&#x10D8;, &#x10D5;.&#x10DB;. </subfield>
    <subfield code="9">2307</subfield>
  </datafield>
  <datafield tag="245" ind1=" " ind2=" ">
    <subfield code="a">&#x10D7;&#x10D1;&#x10DD;&#x10E2;&#x10D4;&#x10E5;&#x10DC;&#x10D8;&#x10D9;&#x10D0; :  &#x10E1;&#x10D0;&#x10EE;&#x10D4;&#x10DA;&#x10DB;&#x10EB;&#x10E6;. / </subfield>
    <subfield code="c">&#x10D5;.&#x10DB;. &#x10E2;&#x10D0;&#x10E0;&#x10D4;&#x10D4;&#x10D5;&#x10D8; ; &#x10D2;.&#x10D0;.&#x10DB;&#x10D0;&#x10E2;&#x10D5;&#x10D4;&#x10D4;&#x10D5;&#x10D8; ;  &#x10E1;.&#x10DC;  &#x10D2;&#x10E0;&#x10D8;&#x10D2;&#x10DD;&#x10E0;&#x10D8;&#x10D4;&#x10D5;&#x10D8; ;  &#x10E0;&#x10D4;&#x10D3; :  &#x10E8;.&#x10DE;. &#x10DA;&#x10DD;&#x10DB;&#x10D8;&#x10DC;&#x10D0;&#x10EB;&#x10D4;.</subfield>
  </datafield>
  <datafield tag="264" ind1=" " ind2=" ">
    <subfield code="a">&#x10D7;&#x10D1;&#x10D8;&#x10DA;&#x10D8;&#x10E1;&#x10D8; :</subfield>
    <subfield code="b">&#x10E1;&#x10D0;&#x10E5;. &#x10E1;&#x10D0;&#x10E1;.&#x2013;&#x10E1;&#x10D0;&#x10DB;. &#x10D8;&#x10DC;&#x2013;&#x10E2;&#x10D8;, </subfield>
    <subfield code="c">1955.</subfield>
  </datafield>
  <datafield tag="300" ind1=" " ind2=" ">
    <subfield code="a">807&#x10D2;&#x10D5;.:</subfield>
    <subfield code="b">&#x10D8;&#x10DA;.</subfield>
    <subfield code="c">27 &#x10E1;&#x10DB;. </subfield>
    <subfield code="e">&#x10DC;&#x10D0;&#x10EE;&#x10D0;&#x10D6;;&#x10D3;&#x10D0;&#x10DC;&#x10D0;&#x10E0;&#x10D7;.</subfield>
  </datafield>
  <datafield tag="653" ind1=" " ind2=" ">
    <subfield code="a">&#x10D7;&#x10D1;&#x10DD;&#x10E2;&#x10D4;&#x10E5;&#x10DC;&#x10D8;&#x10D9;&#x10D0;</subfield>
  </datafield>
  <datafield tag="700" ind1=" " ind2=" ">
    <subfield code="a">&#x10DB;&#x10D0;&#x10E2;&#x10D5;&#x10D4;&#x10D4;&#x10D5;&#x10D8;,&#x10D2;.&#x10D0;.</subfield>
    <subfield code="9">2308</subfield>
  </datafield>
  <datafield tag="700" ind1=" " ind2=" ">
    <subfield code="a">&#x10D2;&#x10E0;&#x10D8;&#x10D2;&#x10DD;&#x10E0;&#x10D8;&#x10D4;&#x10D5;&#x10D8;,&#x10E1;.&#x10DC;.</subfield>
    <subfield code="9">2309</subfield>
  </datafield>
  <datafield tag="700" ind1=" " ind2=" ">
    <subfield code="a">&#x10DA;&#x10DD;&#x10DB;&#x10D8;&#x10DC;&#x10D0;&#x10EB;&#x10D4;, &#x10E8;.&#x10DE;</subfield>
    <subfield code="e">&#x10E0;&#x10D4;&#x10D3;&#x10D0;&#x10E5;&#x10E2;&#x10DD;&#x10E0;&#x10D8;</subfield>
    <subfield code="9">2281</subfield>
  </datafield>
  <datafield tag="942" ind1=" " ind2=" ">
    <subfield code="c">BK</subfield>
    <subfield code="2">udc</subfield>
  </datafield>
  <datafield tag="952" ind1=" " ind2=" ">
    <subfield code="0">0</subfield>
    <subfield code="1">0</subfield>
    <subfield code="2">udc</subfield>
    <subfield code="4">0</subfield>
    <subfield code="6">62110758_&#x10E2;29</subfield>
    <subfield code="7">0</subfield>
    <subfield code="9">37480</subfield>
    <subfield code="a">SPL</subfield>
    <subfield code="b">SPL</subfield>
    <subfield code="c">GEN</subfield>
    <subfield code="d">2018-12-17</subfield>
    <subfield code="g">7.00</subfield>
    <subfield code="o">621.1(075.8)  &#x10E2;&#x2013;29</subfield>
    <subfield code="p">10645</subfield>
    <subfield code="r">2018-12-17</subfield>
    <subfield code="t">10645</subfield>
    <subfield code="w">2018-12-17</subfield>
    <subfield code="y">BK</subfield>
    <subfield code="z">7 &#x10DA;. </subfield>
  </datafield>
  <datafield tag="952" ind1=" " ind2=" ">
    <subfield code="0">0</subfield>
    <subfield code="1">0</subfield>
    <subfield code="2">udc</subfield>
    <subfield code="4">0</subfield>
    <subfield code="6">62110758_&#x10E2;29</subfield>
    <subfield code="7">0</subfield>
    <subfield code="9">37481</subfield>
    <subfield code="a">SPL</subfield>
    <subfield code="b">SPL</subfield>
    <subfield code="c">GEN</subfield>
    <subfield code="d">2018-12-17</subfield>
    <subfield code="g">7.00</subfield>
    <subfield code="o">621.1(075.8)  &#x10E2;&#x2013;29</subfield>
    <subfield code="p">10646</subfield>
    <subfield code="r">2018-12-17</subfield>
    <subfield code="t">10646</subfield>
    <subfield code="w">2018-12-17</subfield>
    <subfield code="y">BK</subfield>
    <subfield code="z">7 &#x10DA;. </subfield>
  </datafield>
</record>
